| 000 | 01548nab a22002537a 4500 | ||
|---|---|---|---|
| 999 |
_c5536 _d5536 |
||
| 003 | OSt | ||
| 005 | 20251215144658.0 | ||
| 008 | 190429b xxu||||| |||| 00| 0 spa d | ||
| 040 | _cPJ | ||
| 100 |
_96102 _aMartínez, Agustina Lara |
||
| 245 | 1 | 3 |
_aRazonamiento probatorio y testimonio único en delitos contra la integridad sexual _b¿resignificación o flexibilización de estándares? / _cGuido Palacín. |
| 260 |
_cCiudad Autónoma de Buenos Aires : _aThomson Reuters La Ley, _b2025. |
||
| 300 | _ap. 41-46 | ||
| 500 | _aCita: AR/DOC/175/2025. | ||
| 505 | _aSumario: I. Introducción.— II. Algunas precisiones conceptuales respecto de los delitos contra la integridad sexual. Particularidades —o, más bien, dificultades— probatorias.— III. Estándares provenientes de los compromisos internacionalmente asumidos: ¿incompatibilidad con el aforismo testis unus testis nullus?— IV. La legislación argentina y su recepción en la jurisprudencia local.— V. Breves reflexiones.— VI. Bibliografía.— VII. Jurisprudencia. | ||
| 505 | _tSi te interesa el texto completo, solicitalo a koha@justierradelfuego.gov.ar | ||
| 650 | 0 |
_9343 _aDERECHO PENAL |
|
| 650 | 0 |
_92902 _aDELITOS CONTRA LA INTEGRIDAD SEXUAL |
|
| 650 | 0 |
_91977 _aAPRECIACION DE LA PRUEBA |
|
| 650 | 0 |
_94044 _aPERSPECTIVA DE GÉNERO |
|
| 700 |
_96516 _aPalacín, Guido _ecoautor |
||
| 773 | 0 |
_02658 _93164 _tRevista de derecho penal y criminología. Nº 2 - Marzo 2025 _dCiudad Autónoma de Buenos Aires : Thomson Reuters La Ley, 2017- _x00347914 |
|
| 942 |
_2udc _cANA |
||